Latex processing technology : understanding its science-Seminar papers held at Brickendonbury, Hertford on 12th April 1991 (Record no. 40974)
[ view plain ]
| 000 -LEADER | |
|---|---|
| fixed length control field | 00554nam a2200169Ia 4500 |
| 082 ## - DEWEY DECIMAL CLASSIFICATION NUMBER | |
| Classification number | 678.4:62:678.031 |
| Item number | LAT |
| 245 #0 - TITLE STATEMENT | |
| Title | Latex processing technology : understanding its science-Seminar papers held at Brickendonbury, Hertford on 12th April 1991 |
| 260 ## - PUBLICATION, DISTRIBUTION, ETC. (IMPRINT) | |
| Place of publication | U K |
| Name of publisher | MRPRA |
| Year of publication | 1991 |
| 505 ## - FORMATTED CONTENTS NOTE | |
| Formatted contents note | Pound 100 for a set of 3 conf papers |
| 650 ## - SUBJECT ADDED ENTRY--TOPICAL TERM | |
| Topical Term | Collodial stability |
| 650 ## - SUBJECT ADDED ENTRY--TOPICAL TERM | |
| Topical Term | Latex allergy |
| 650 ## - SUBJECT ADDED ENTRY--TOPICAL TERM | |
| Topical Term | Latex gel |
| 650 ## - SUBJECT ADDED ENTRY--TOPICAL TERM | |
| Topical Term | Latex vulcanization |
| 650 ## - SUBJECT ADDED ENTRY--TOPICAL TERM | |
| Topical Term | Latices surfactants |
| 942 ## - ADDED ENTRY ELEMENTS (KOHA) | |
| Koha item type | Books |
| Withdrawn status | Lost status | Damaged status | Not for loan | Home library | Current library | Date acquired | Cost, normal purchase price | Full call number | Accession Number | Koha item type |
|---|---|---|---|---|---|---|---|---|---|---|
| RRII Library | RRII Library | 16/12/2021 | 100.00 | 678.4:62:678.031 LAT | 21267 | Books |